| 000 | 02452nam0a2200337 4500 | ||
|---|---|---|---|
| 001 | RU\NLR\BIBL_A\012807448 | ||
| 005 | 20220815132801.0 | ||
| 010 |
_a978-5-7899-1310-9 _9100 |
||
| 021 |
_aRU _bКН-П-22-013834 _9КН-П-22-1180 |
||
| 035 | _a(NLR Aleph) 012807448 | ||
| 035 | _a(RuMoRGB)010999601 | ||
| 090 |
_a13202546 _c13202546 |
||
| 100 | _a20220602d2021 u y0rusy50 ca | ||
| 101 | 0 | _arus | |
| 102 | _aRU | ||
| 105 | _a |||j|||000zy | ||
| 181 | 0 |
_ai3 _baxxe |
|
| 182 | 0 | _an | |
| 200 | 1 |
_aМетодика расследования преступлений, совершенных несовершеннолетними _eучебное пособие _eдля курсантов и слушателей образовательных организаций системы МВД России _fЯ. А. Климова _gМинистерство внутренних дел Российской Федерации, Волгоградская академия |
|
| 203 |
_aТекст _bвизуальный _cнепосредственный |
||
| 210 |
_aВолгоград _cВА МВД России _d2021 |
||
| 215 |
_a73 с. _cил., табл. _d21 |
||
| 320 | _aБиблиогр.: с. 59-67 (67 назв.) и в подстроч. примеч. | ||
| 330 | _aВ учебном пособии рассматриваются криминалистическая характеристика преступлений, совершенных несовершеннолетними, вопросы, связанные с выдвижением версий и планированием хода расследования с учетом обстоятельств организационно-тактического характера, особенности тактики отдельных следственных действий и использования специальных знаний по делам о преступлениях несовершеннолетних | ||
| 606 | 1 |
_aНесовершеннолетние _xПреступления _xРасследование _yРоссийская Федерация _jУчебные издания _2nlr_sh1 _2nlr_sh2 _3RU\NLR\AUTH\661370157 |
|
| 686 | 1 | _aХ629.433.2я7 | |
| 700 | 1 |
_aКлимова _bЯ. А. _gЯна Александровна |
|
| 942 | _cBOOK | ||
| 980 | _aNB | ||